000 01128nam a2200325 a 4500
999 _c332287
_d332287
001 3370450
003 NUST
005 20171122145406.0
008 870427s1988 mauaf b 001 0 eng
010 _a 87081266
020 _a0395369142 (pbk. : v. 1)
020 _a0395369150 (pbk. : v. 2)
040 _aDLC
_cDLC
_dDLC
050 0 0 _aCB69
_b.M3 1988
082 0 0 _a909 MCK
_219
100 1 _aMcKay, John P.
_96674
245 1 2 _aA history of world societies /
_cJohn P. McKay, Bennett D. Hill, John Buckler.
250 _a2nd ed.
260 _aBoston :
_bHoughton Mifflin,
_cc1988.
300 _a2 v. (xvi, 1280, [57] p., [48] p. of plates :
_bill. (some col.) ;
_c26 cm.
500 _aP.B
504 _aIncludes bibliographies and indexes.
505 0 _av. 1 To 1715 -- v. 2. Since 1500.
650 0 _aCivilization
_xHistory.
_93712
700 1 _aHill, Bennett, D.
_96675
700 1 _aBuckler, John.
_96676
906 _a7
_bcbc
_corignew
_d2
_eopcn
_f19
_gy-gencatlg
942 _2ddc
_cBK
_kIESE